| 000 | 00950nas a2200313 4500 | ||
|---|---|---|---|
| 001 | BR0405566 | ||
| 003 | BR-BrBNA | ||
| 005 | 20231205105003.0 | ||
| 007 | ta | ||
| 008 | 230509b bl.|||p| |||| 00| 00por d | ||
| 040 |
_aBR-BrBNA _bpor _cBiblioteca Nacional de Agricultura |
||
| 041 | _a(Pt) | ||
| 072 | _aH20; F01 | ||
| 100 | 1 | _aLima, A.A. de | |
| 100 | 1 | _aMüller, M.W. | |
| 100 | 1 | _aAlvim, P. de T. | |
| 245 | 1 | _aFrutificação do cacaueiro sob efeito de técnicas de anelamento, estrangulamento e uso de reguladores vegetais | |
| 650 | _aCACAU | ||
| 650 | _aPRODUÇÃO AGRÍCOLA | ||
| 650 | _aANELAMENTO | ||
| 650 | _aPRÁTICA CULTURAL | ||
| 650 | _aVASSOURA-DE-BRUXA | ||
| 650 | _aDOENÇA DE PLANTA | ||
| 650 | _aFUNGO | ||
| 650 | _aREGULADOR DE CRESCIMENTO | ||
| 773 | 0 |
_tMagistra (Brazil) _xISSN 0102-5333 _g(Jul-Dec 2002), v. 14(2) p. 67-72 _wBR0405566 |
|
| 909 |
_a202311 _bLúcia _c55 _dLúcia Elande |
||
| 942 |
_2AGRIS _n0 _cANA |
||
| 999 |
_c180640 _d180640 |
||